000 00450nab a2200145Ia 4500
003 ES-SlBCS
005 20210601125311.0
008 140529s2003 xxu||||| |||| 00| 0 eng d
041 _aeng
100 1 _aNoordhof, Paul
_9151105
245 0 0 _aSelf-Deception, Interpretation and Consciousness
_c Paul Noordhof
650 0 4 _aDecepción
_9132781
773 0 _tPhilosophy and Phenomenological Research
_gvol. 67, 2003, págs. 75-100
_wRev1411
942 _cAR
999 _c528074
_d528074